Развитие научных исследований по биоминералогии и урологии в Томском политехническом университете; Известия Томского политехнического университета [Известия ТПУ]; Т. 320, № 1 : Науки о Земле
| Parent link: | Известия Томского политехнического университета [Известия ТПУ]/ Томский политехнический университет (ТПУ).— , 2000- Т. 320, № 1 : Науки о Земле.— 2012.— [С. 206-211] |
|---|---|
| المؤلف الرئيسي: | |
| مؤلفون آخرون: | |
| الملخص: | Заглавие с титульного листа Электронная версия печатной публикации Изложена история зарождения и развития научных исследований по биологической минералогии и урологии в Томском политехническом институте (университете), проводимых совместно с урологами Сибирского государственного медицинского университета. Показано участие минералогов и урологов в планировании и выполнении научных исследований по изучению органоминеральных агрегатов (уролитов), формирующихся в мочевыделительной системе человека. Отмечены ведущие учёные в области биологической минералогии, а также специалисты-урологи, участвующие в выполнении научных исследований по изучению мочевых камней. Определены перспективы развития совместной деятельности минералогов и урологов. |
| اللغة: | الروسية |
| منشور في: |
2012
|
| سلاسل: | Страницы истории ТПУ |
| الموضوعات: | |
| الوصول للمادة أونلاين: | http://earchive.tpu.ru/bitstream/11683/4103/1/bulletin_tpu-2012-320-1-35.pdf |
| التنسيق: | الكتروني فصل الكتاب |
| KOHA link: | https://koha.lib.tpu.ru/cgi-bin/koha/opac-detail.pl?biblionumber=211724 |
MARC
| LEADER | 00000nla2a2200000 4500 | ||
|---|---|---|---|
| 001 | 211724 | ||
| 005 | 20240207114249.0 | ||
| 035 | |a (RuTPU)RU\TPU\book\231296 | ||
| 035 | |a RU\TPU\book\231295 | ||
| 090 | |a 211724 | ||
| 100 | |a 20120318d2012 k y0rusy50 ca | ||
| 101 | 0 | |a rus | |
| 102 | |a RU | ||
| 135 | |a drnn ---uucaa | ||
| 181 | 0 | |a i | |
| 182 | 0 | |a b | |
| 200 | 1 | |a Развитие научных исследований по биоминералогии и урологии в Томском политехническом университете |f А. К. Полиенко, О. А. Севостьянова | |
| 203 | |a Текст |c электронный | ||
| 215 | |a 1 файл (1.1 Мб) | ||
| 225 | 1 | |a Страницы истории ТПУ | |
| 300 | |a Заглавие с титульного листа | ||
| 300 | |a Электронная версия печатной публикации | ||
| 320 | |a [Библиогр.: с. 210-211 (19 назв.)] | ||
| 330 | |a Изложена история зарождения и развития научных исследований по биологической минералогии и урологии в Томском политехническом институте (университете), проводимых совместно с урологами Сибирского государственного медицинского университета. Показано участие минералогов и урологов в планировании и выполнении научных исследований по изучению органоминеральных агрегатов (уролитов), формирующихся в мочевыделительной системе человека. Отмечены ведущие учёные в области биологической минералогии, а также специалисты-урологи, участвующие в выполнении научных исследований по изучению мочевых камней. Определены перспективы развития совместной деятельности минералогов и урологов. | ||
| 337 | |a Adobe Reader | ||
| 461 | 1 | |0 (RuTPU)RU\TPU\book\176237 |t Известия Томского политехнического университета [Известия ТПУ] |f Томский политехнический университет (ТПУ) |d 2000- | |
| 463 | 1 | |0 (RuTPU)RU\TPU\book\230759 |x 1684-8519 |t Т. 320, № 1 : Науки о Земле |v [С. 206-211] |d 2012 |p 225 с. | |
| 610 | 1 | |a биоминералогия | |
| 610 | 1 | |a урология | |
| 610 | 1 | |a уролиты | |
| 610 | 1 | |a мочевые камни | |
| 610 | 1 | |a труды учёных ТПУ | |
| 610 | 1 | |a электронный ресурс | |
| 700 | 1 | |a Полиенко |b А. К. |c геолог |c доцент Томского политехнического университета, доктор геолого-минералогических наук |c выпускник ТПИ 1964 г. |f 1940- |g Александр Константинович |3 (RuTPU)RU\TPU\pers\20300 |9 8092 | |
| 701 | 1 | |a Севостьянова |b О. А. |c геолог |c старший преподаватель Томского политехнического университета, кандидат геолого-минералогических наук |f 1970- |g Ольга Александровна |3 (RuTPU)RU\TPU\pers\27294 |9 12712 | |
| 801 | 2 | |a RU |b 63413507 |c 20190516 |g PSBO | |
| 856 | 4 | |u http://earchive.tpu.ru/bitstream/11683/4103/1/bulletin_tpu-2012-320-1-35.pdf | |
| 942 | |c CF | ||